000 00687cam a2200217 4500
001 6059
005 20181127180811.0
010 _a 2016411590
100 1 _aLowenthal, Abraham F.
245 1 0 _aFrom authoritarian rule toward democratic governance :
_blearning from political leaders /
_cAbraham F. Lowenthal and Sergio Bitar.
264 1 _aStockholm :
_bInternational IDEA,
_c2015.
300 _a71 pages ;
_c23 cm
336 _atext
_btxt
_2rdacontent
337 _aunmediated
_bn
_2rdamedia
338 _avolume
_bnc
_2rdacarrier
500 _aEssay.
650 0 _aDemocratization.
650 0 _aPolitical leadership.
700 1 _aBitar, Sergio.
999 _c5115
_d5115